Loading...
| Current Events | 2 | 10.00 | 100% | 0% | 0% |
| Fine Arts - Auditory Fine Arts | 8 | 12.50 | 88% | 38% | 0% |
| Fine Arts - Visual Fine Arts | 11 | 22.73 | 100% | 91% | 36% |
| Geography | 8 | 15.00 | 100% | 38% | 13% |
| History - American History | 7 | 20.00 | 100% | 86% | 14% |
| History - Ancient History | 5 | 18.00 | 100% | 80% | 0% |
| History - European History | 7 | 22.86 | 100% | 86% | 43% |
| History - World History | 8 | 20.00 | 100% | 88% | 13% |
| Literature - American Literature | 5 | 24.00 | 100% | 80% | 60% |
| Literature - British Literature | 6 | 18.33 | 100% | 67% | 17% |
| Literature - European Literature | 6 | 21.67 | 100% | 83% | 33% |
| Literature - World Literature | 5 | 22.00 | 100% | 100% | 20% |
| Mythology | 5 | 14.00 | 100% | 40% | 0% |
| Other Academic | 2 | 25.00 | 100% | 100% | 50% |
| Philosophy | 7 | 25.71 | 100% | 86% | 71% |
| Religion | 8 | 20.00 | 88% | 88% | 25% |
| Science - Biology | 5 | 8.00 | 80% | 0% | 0% |
| Science - Chemistry | 5 | 6.00 | 60% | 0% | 0% |
| Science - Other Science | 8 | 5.00 | 50% | 0% | 0% |
| Science - Physics | 7 | 1.43 | 14% | 0% | 0% |
| Social Science | 12 | 16.67 | 92% | 58% | 17% |